|
|
|
|
| LEADER |
00000nam a22000007a 4500 |
| 005 |
20160524114831.0 |
| 007 |
cr|||| ||u| |
| 008 |
160524s2015 sp ||||| |||| 00||0 spa d |
| 020 |
|
|
|a 978-84-9085-430-3
|
| 035 |
|
|
|a 14266
|
| 040 |
|
|
|a vLex
|
| 090 |
|
|
|c 6139
|d 6139
|
| 100 |
1 |
|
|a Calvo Vřgez, Juan
|
| 245 |
1 |
0 |
|a Aspectos Jurd̕icos e Institucionales de las Polt̕icas Monetarias de los Principales Bancos Centrales ante la actual crisis financiera
|h [Recurso electrn̤ico] /
|c Juan Calvo Vřgez
|
| 256 |
|
|
|a Servicio en ln̕ea
|
| 260 |
|
|
|a Extremadura
|b Dykinson
|c 2015
|
| 300 |
|
|
|a 1 recurso electrn̤ico
|
| 506 |
1 |
|
|a Contenido solo disponible en los productos indicados
|d vLex Global
|d vLex Global (Academic Edition, excluding Law Schools)
|d vLex Global (U.S. Academic Edition, Law Schools)
|d vLex Global (U.S. Academic Edition, excluding Law Schools)
|d vLex Global (Academic Edition, Law Schools)
|
| 650 |
0 |
4 |
|a Derecho
|z Extremadura
|
| 740 |
0 |
|
|a vLex libros (servicio en ln̕ea)
|
| 856 |
4 |
0 |
|u http://vlex.com/source/aspectos-juridicos-institucionales-politicas-monetarias-14266
|z Acceso restringido
|
| 942 |
|
|
|c BOOK
|
| 999 |
0 |
|
|a Law
|b Extremadura
|